| Tag |
First Indicator |
Second Indicator |
Subfields |
| LEADER |
00000cam a2200000 i 4500 |
| 001 |
in00003526321 |
| 005 |
20151105204448.0 |
| 008 |
141212t20152015enka b 001 0 eng d |
| 020 |
|
|
|a 9781446275993
|
| 020 |
|
|
|a 144627599X
|
| 020 |
|
|
|a 9781446276006
|q paperback
|
| 020 |
|
|
|a 1446276007
|q paperback
|
| 035 |
|
|
|a (OCoLC)ocn898162982
|
| 040 |
|
|
|a BTCTA
|e rda
|c BTCTA
|d BDX
|d CDX
|d CUD
|d YDX
|d WVU
|d UtOrBLW
|
| 049 |
|
|
|a TXAM
|
| 050 |
|
4 |
|a HV1421
|b .S78 2015
|
| 082 |
0 |
|
|a 361.2/0835
|2 23
|
| 100 |
1 |
|
|a Stuart, Kaz,
|e author.
|
| 245 |
1 |
0 |
|a Evaluation practice for projects with young people :
|b a guide to creative research /
|c Kaz Stuart, Lucy Maynard and Caroline Rouncefield.
|
| 264 |
|
1 |
|a Los Angeles :
|b SAGE Publications,
|c [2015]
|
| 264 |
|
4 |
|c ©2015
|
| 300 |
|
|
|a xi, 228 pages :
|b illustrations ;
|c 25 cm.
|
| 336 |
|
|
|a text
|b txt
|2 rdacontent
|
| 337 |
|
|
|a unmediated
|b n
|2 rdamedia
|
| 338 |
|
|
|a volume
|b nc
|2 rdacarrier
|
| 504 |
|
|
|a Includes bibliographical references (pages [214]-223) and index.
|
| 650 |
|
0 |
|a Youth
|x Services for
|x Evaluation.
|
| 650 |
|
0 |
|a Social work with youth
|x Evaluation.
|
| 650 |
|
0 |
|a Evaluation
|x Study and teaching.
|
| 700 |
1 |
|
|a Maynard, Lucy,
|e author.
|
| 700 |
1 |
|
|a Rouncefield, Caroline,
|e author.
|
| 945 |
|
|
|a PromptCat
|b 203177
|
| 946 |
|
|
|a stk
|
| 947 |
|
|
|a A14842983398
|
| 948 |
|
|
|a cataloged
|b h
|c 2015/6/11
|d c
|e dmitchel
|f 10:50:40 am
|
| 994 |
|
|
|a C0
|b TXA
|
| 999 |
|
|
|a MARS
|
| 999 |
f |
f |
|s e0bde6b7-2e26-3a00-9e7b-eaed469ede39
|i 6fd56c26-67f8-31c3-9f58-4265a4d05a98
|t 0
|
| 952 |
f |
f |
|p normal
|a Texas A&M University
|b College Station
|c Sterling C. Evans Library
|d Evans: Library Stacks
|t 0
|e HV1421 .S78 2015
|h Library of Congress classification
|i unmediated -- volume
|m A14842983398
|
| 998 |
f |
f |
|a HV1421 .S78 2015
|t 0
|l Evans: Library Stacks
|